logo

Bir Sreshtho Munshi Abdur Rouf Library
Jhenaidah Cadet College

Weed-crop ecology : (Record no. 5355)

MARC details
000 -LEADER
fixed length control field 00783cam a2200277 a 4500
001 - CONTROL NUMBER
JCCL Control Number 5355
003 - CONTROL NUMBER IDENTIFIER
JCCL marc code BD-JhCC
005 - DATE AND TIME OF LATEST TRANSACTION
control field 20171213123925.0
008 - FIXED-LENGTH DATA ELEMENTS--GENERAL INFORMATION
fixed length control field 830516s1984 maua b 001 0 eng
020 ## - INTERNATIONAL STANDARD BOOK NUMBER
International Standard Book Number 0534028330
035 ## - SYSTEM CONTROL NUMBER
system control number (BD-JhCC)5355
040 ## - CATALOGING SOURCE
Original cataloging agency DLC
Transcribing agency DLC
Modifying agency DLC
041 ## - LANGUAGE CODE
Language code of Book eng
050 00 - LIBRARY OF CONGRESS CALL NUMBER
Classification number SB611
Item number .A4 1984
082 00 - DEWEY DECIMAL CLASSIFICATION NUMBER
Classification number 632/.58
DDC Edition number 19
Author mark and Year ALD 1984
100 1# - MAIN ENTRY--PERSONAL NAME
Personal name Aldrich, R. J.
Fuller form of name (Richard J.),
Dates associated with a name 1925-
245 10 - TITLE STATEMENT
Title Weed-crop ecology :
Remainder of title principles in weed management /
Statement of responsibility, etc R.J. Aldrich.
260 ## - PUBLICATION, DISTRIBUTION, ETC. (IMPRINT)
Place of publication, distribution, etc N. Scituate, Mass. :
Name of publisher, distributor, etc Breton Publishers,
Date of publication, distribution, etc c1984.
300 ## - PHYSICAL DESCRIPTION
Pagination xiii, 465 p. :
Other physical details ill. ;
Dimensions 24 cm.
504 ## - BIBLIOGRAPHY, ETC. NOTE
Bibliography, etc Includes bibliographies and index.
650 #0 - SUBJECT ADDED ENTRY--TOPICAL TERM
Topical term or geographic name as entry element Weeds
General subdivision Control.
650 #0 - SUBJECT ADDED ENTRY--TOPICAL TERM
Topical term or geographic name as entry element Weeds.
650 #0 - SUBJECT ADDED ENTRY--TOPICAL TERM
Topical term or geographic name as entry element Weeds
General subdivision Ecology.
942 ## - ADDED ENTRY ELEMENTS (KOHA)
Source of classification or shelving scheme Dewey Decimal Classification
Koha item type Books
Holdings
Source of classification or shelving scheme Damaged status Not for loan Home library Current library Shelving location Date of accession Total Checkouts Full call number Barcode Date last seen Copy number Koha item type
Dewey Decimal Classification     JCC Rouf Library JCC Rouf Library General Stacks 12/13/2017   632/.58 ALD 1984 7479 12/13/2017 C-1 Books

JCC Library | Contacts | JCC Home

Last Update on 23 September 2017
Copyright @ 2017-2020 JCC Rouf Library
Rouf Library, Jhenidah Cadet College (JCC), Bangladesh